Nguyên lý kế toán

Uloženo v:
Podrobná bibliografie
Hlavní autor: Nguyễn, Việt
Médium: Kniha
Jazyk:Undetermined
Vydáno: Thành phố Hồ Chí Minh Tổng hợp Thành phố Hồ Chí Minh 2006
Témata:
Tagy: Přidat tag
Žádné tagy, Buďte první, kdo otaguje tento záznam!
Thư viện lưu trữ: Trung tâm Học liệu Trường Đại học Cần Thơ
LEADER 00587nam a2200193Ia 4500
001 CTU_123281
008 210402s9999 xx 000 0 und d
020 |c 35000 
082 |a 657 
082 |b V308 
100 |a Nguyễn, Việt 
245 0 |a Nguyên lý kế toán 
245 0 |c Nguyễn Việt, Võ Văn Nhị chủ biên 
260 |a Thành phố Hồ Chí Minh 
260 |b Tổng hợp Thành phố Hồ Chí Minh 
260 |c 2006 
650 |a Accounting 
904 |i Tuyến 
980 |a Trung tâm Học liệu Trường Đại học Cần Thơ